| 000 | 00396nam a22001457a 4500 | ||
|---|---|---|---|
| 999 |
_c15607 _d15607 |
||
| 003 | OSt | ||
| 008 | 190520b ||||| |||| 00| 0 eng d | ||
| 020 | _a9789351247456 | ||
| 082 |
_a664 _bSHA/TE |
||
| 100 |
_aSharma,Dipti _94091 |
||
| 245 | _aTextbook on food science and human nutrition : for undergraduates | ||
| 260 |
_aNew Delhi _bDaya Publishing House _c2016 |
||
| 300 | _a245 p. | ||
| 942 | _cBK | ||